书目信息 |
| 题名: |
教师参考书
|
|
| 作者: | 王沂清 编 | |
| 分册: | 第四册 英语(理工科用) | |
| 出版信息: | 上海 上海译文出版社 1983 |
|
| 页数: | 337页 | |
| 开本: | 19cm | |
| 丛书名: | ||
| 单 册: | ||
| 中图分类: | H31-42 | |
| 科图分类: | ||
| 主题词: | 英语--教学参考资料 | |
| 电子资源: | ||
| ISBN: | ||
| 000 | 00678nam0 2200241 45 | |
| 001 | 0183010849 | |
| 005 | 20070923085558.68 | |
| 010 | @dCNY0.91 | |
| 100 | @a19950608d1983 em y0chiy0121 ea | |
| 101 | 0 | @achi |
| 102 | @aCN@b310000 | |
| 105 | @ay z 000yy | |
| 200 | 10 | @a教师参考书@Ajiao shi can kao shu@i英语(理工科用)@h第四册@f王沂清编 |
| 210 | @a上海@c上海译文出版社@d1983 | |
| 215 | @a337页@d19cm | |
| 300 | @a高等学校教学参考书 | |
| 517 | 1 | @a英语(理工科用)@Aying yu(li gong ke yong) |
| 606 | @a英语@x教学参考资料 | |
| 690 | @aH31-42@v3 | |
| 701 | 0 | @a王沂清@Awang yi qing@4编 |
| 801 | 2 | @aCN@bNLC@c20070923 |
| 801 | 0 | @aCN@bTSSF |
| 905 | @a10447@dH31-42@e1413:4 | |
| 教师参考书.英语(理工科用).第四册/王沂清编.-上海:上海译文出版社,1983 |
| 337页;19cm |
| 高等学校教学参考书 |
| ISBN :CNY0.91 |
| ● |
| 相关链接 |
|
|
|
|
正题名:教师参考书
索取号:H31-42/1413:4
 
预约/预借
| 序号 | 登录号 | 条形码 | 馆藏地/架位号 | 状态 | 备注 |
| 1 | 626075 | 206260758 | 第二样本阅览室/ [索取号:H31-42/1413:4] | 在馆 |